[Event "Challenge"]
[Site "http://www.queenalice.com/game.php?id=77707"]
[Date "2006.6.17"]
[Round "-"]
[White "will23"]
[Black "notcrumb"]
[Result "0-1"]
[WhiteElo "1026"]
[BlackElo "1274"]

1. e4 e5 2. Nf3 Nc6 3. Nc3 Nf6 4. Qe2 Nb4 5. Rb1 d6 6. d3 Be6 7. g3 Nxa2 8. Bd2
Nb4 9. Nb5 Nxc2+ 10. Kd1 Bb3 11. Kc1 Qd7 12. d4 Qc6 13. Qd3 Nb4+ 14. Qc3 Na2#
0-1

[Event "Challenge"]
[Site "http://www.queenalice.com/game.php?id=78266"]
[Date "2006.6.19"]
[Round "-"]
[White "mad_knight"]
[Black "notcrumb"]
[Result "0-1"]
[WhiteElo "1603"]
[BlackElo "1317"]

1. e4 Nc6 2. Nf3 e5 3. Nc3 Nf6 4. d4 exd4 5. Nxd4 Ne5 6. f4 c5 7. Nf5 Nc6 8.
Nd6+ Bxd6 9. Qxd6 Nd4 10. Bd3 Qb6 11. Qxb6 axb6 12. O-O d6 13. e5 dxe5 14. fxe5
Nd7 15. Bf4 Ne6 16. Bg3 f6 17. exf6 Nxf6 18. Rae1 Bd7 19. Bf5 Kf7 20. Bh4 Rae8
21. Be4 Nd4 22. Bd5+ Be6 23. Rxe6 Nxe6 24. Bxb7 Nd4 25. Be4 Ne2+ 26. Nxe2 Rxe4
27. Nf4 Rhe8 28. Bg3 Kg8 29. Nd3 Ng4 30. Rf4 c4 31. Rxe4 Rxe4 32. Nf4 Rd4 33.
Kf1 Rd1+ 34. Be1 Nxh2+ 35. Ke2 Ra1 36. Nd5 Rxa2 37. Bc3 b5 38. Nb4 Ra8 39. Ke3
Ng4+ 40. Kd4 Rc8 41. Nd5 Kf7 0-1

[Event "Challenge"]
[Site "http://www.queenalice.com/game.php?id=78372"]
[Date "2006.6.20"]
[Round "-"]
[White "notcrumb"]
[Black "will23"]
[Result "1-0"]
[WhiteElo "1281"]
[BlackElo "1016"]

1. c4 e5 2. e4 Bc5 3. Qf3 Qf6 4. Nc3 d6 5. Nd5 Bg4 6. Nxf6+ Nxf6 7. Qb3 b6 8. f3
Be6 9. d3 a5 10. Nh3 Na6 11. a3 b5 12. Qxb5+ Nd7 13. Qb7 Nb6 14. b4 Bc8 15. bxc5
Bxb7 16. cxb6 cxb6 17. Be3 Nc5 18. Rb1 a4 19. Rxb6 O-O 20. Rxd6 f6 21. Bxc5 Rac8
22. Bb4 g5 23. Rd7 Bc6 24. Re7 h5 25. g3 g4 26. fxg4 hxg4 27. Ng5 fxg5 28. Be2
Rcd8 29. Bxg4 Rxd3 30. Be6+ Kh8 31. Rf1 Rdf3 32. Rh7+ Kxh7 33. Bxf8 Rxf1+ 34.
Kxf1 Bxe4 35. h4 gxh4 36. g4 h3 37. Kg1 Bd3 38. g5 Kg6 39. Bh6 e4 40. Bxh3 e3
41. c5 e2 42. Kf2 Bf5 43. Bg2 Bd3 44. c6 Kf5 45. Bh3+ Ke4 46. c7 Ba6 47. g6 Kd3
48. g7 Kc2 49. g8=Q Kd1 50. Bg4 Bc4 51. Qd8+ Kc2 52. Qd2+ Kb3 53. c8=Q e1=Q+ 54.
Kxe1 Be2 55. Be6+ Bc4 56. Qb7+ Kxa3 57. Qdb2# 1-0

[Event "Challenge"]
[Site "http://www.queenalice.com/game.php?id=81920"]
[Date "2006.7.2"]
[Round "-"]
[White "will23"]
[Black "notcrumb"]
[Result "0-1"]
[WhiteElo "1007"]
[BlackElo "1287"]

1. e4 e5 2. Nf3 Bd6 3. Nc3 a6 4. d3 c5 5. a4 Nc6 6. b3 Nb4 7. Ng5 Qa5 8. Qf3 Nf6
9. Rb1 Nxc2+ 10. Kd1 Qxc3 11. d4 Qxf3+ 12. Nxf3 Nxd4 13. Bc4 Nxe4 14. Re1 Nxf2+
15. Kd2 e4 16. Ng5 Bf4+ 17. Kc3 Be5 18. Nxf7 Nb5+ 19. Kd2 Bc3+ 20. Kc2 d5 21.
Bxd5 Bf5 22. b4 e3+ 23. Kb3 Bxb1 24. Nxh8 Bxe1 25. axb5 Bd2 26. Ba3 e2 27. bxa6
e1=Q 28. Bf7+ Kf8 29. axb7 Qe3+ 30. Kb2 Qxa3+ 31. Kxb1 Qc1# 0-1

[Event "Challenge"]
[Site "http://www.queenalice.com/game.php?id=83375"]
[Date "2006.7.7"]
[Round "-"]
[White "notcrumb"]
[Black "will23"]
[Result "1-0"]
[WhiteElo "1414"]
[BlackElo "1000"]

1. e4 e5 2. Bc4 Nf6 3. d3 Bb4+ 4. c3 Bc5 5. b4 Bb6 6. Nf3 O-O 7. Ba3 d6 8. Qb3
h6 9. h3 Nc6 10. Nh4 a6 11. Nf5 Bxf5 12. exf5 a5 13. b5 a4 14. Qd1 Na5 15. g4
Nxc4 16. dxc4 g6 17. Bc1 Ne4 18. Be3 g5 19. f3 Ng3 20. Rg1 Bxe3 21. Rxg3 a3 22.
Nd2 f6 23. Nf1 Bf4 24. Rg2 Ra4 25. Qxa4 b6 26. Qb3 Qa8 27. Nd2 c6 28. c5+ d5 29.
bxc6 Qxc6 30. cxb6 Rb8 31. c4 Rxb6 32. Qxa3 dxc4 33. Qe7 Qa8 34. Ne4 Rb7 35.
Qe6+ Kg7 36. Qxf6+ Kg8 37. Qe6+ Kf8 38. Nf6 Kg7 39. Nh5+ Kf8 40. Qxh6+ Ke8 41.
Qh8+ Kd7 42. Rd1+ Kc7 43. Qxa8 Rb4 44. Qd8+ Kc6 45. Rd6+ Kc5 46. Qc7+ Kb5 47.
Rb6+ Ka4 48. Qa7# 1-0

[Event "AUTO-ADV-199"]
[Site "http://www.queenalice.com/game.php?id=83488"]
[Date "2006.7.7"]
[Round "1"]
[White "fpferreira"]
[Black "notcrumb"]
[Result "0-1"]
[WhiteElo "1344"]
[BlackElo "1360"]

1. e4 e5 2. Nf3 Nc6 3. d4 d6 4. Bg5 f6 5. Bh4 g5 6. Bg3 h5 7. d5 Nd4 8. h3 Nxf3+
9. gxf3 a6 10. Nc3 h4 11. Bh2 Bd7 12. Qd3 b5 13. a4 b4 14. Na2 a5 15. Nc1 c5 16.
b3 Qb8 17. Qe3 Bh6 18. f4 exf4 19. Qf3 Ne7 20. Qh5+ Kf8 21. Nd3 Be8 22. Qg4 Bg7
23. Bxf4 gxf4 24. Nxf4 Bf7 25. Rg1 Rh7 26. f3 f5 27. exf5 Bxa1 28. Ne6+ Bxe6 29.
fxe6 Rg7 30. Qf4+ Kg8 31. Qe3 Bd4 32. Qd2 Bc3 0-1

[Event "AUTO-ADV-199"]
[Site "http://www.queenalice.com/game.php?id=83489"]
[Date "2006.7.7"]
[Round "1"]
[White "notcrumb"]
[Black "fpferreira"]
[Result "1-0"]
[WhiteElo "1344"]
[BlackElo "1350"]

1. c4 e5 2. e4 Nf6 3. Nc3 d6 4. Nf3 Nc6 5. Nd5 Bg4 6. h3 Bh5 7. g4 Bg6 8. d3 Nd4
9. Nh4 c6 10. Nxg6 hxg6 11. Nxf6+ Qxf6 12. g5 Qe7 13. b3 Rh4 14. Rg1 f6 15. gxf6
Qxf6 16. Be2 Rxh3 17. Bg5 Qf7 18. Bg4 Rh2 19. Rf1 Be7 20. Be3 Ne6 21. Kd2 Nd4
22. Rh1 Rxf2+ 23. Bxf2 Qxf2+ 24. Kc1 Qe2 25. Bxe2 Nxe2+ 26. Qxe2 Bg5+ 27. Kc2
O-O-O 28. Qg4+ 1-0

[Event "AUTO-ADV-199"]
[Site "http://www.queenalice.com/game.php?id=83506"]
[Date "2006.7.7"]
[Round "1"]
[White "notcrumb"]
[Black "rpdemo"]
[Result "1-0"]
[WhiteElo "1292"]
[BlackElo "1505"]

1. e4 e5 2. Nf3 f6 3. Nc3 Ne7 4. d4 d6 5. d5 c6 6. Bc4 Bg4 7. h3 Bxf3 8. Qxf3 c5
9. a4 Nd7 10. a5 Qc7 11. Nb5 Qc8 12. Nxd6+ 1-0

[Event "AUTO-ADV-199"]
[Site "http://www.queenalice.com/game.php?id=83507"]
[Date "2006.7.7"]
[Round "1"]
[White "rpdemo"]
[Black "notcrumb"]
[Result "0-1"]
[WhiteElo "1480"]
[BlackElo "1375"]

1. e4 e5 2. Nf3 Nc6 3. g3 Nf6 4. d4 Bd6 5. Bg5 h6 6. Bxf6 Qxf6 7. Nc3 exd4 8.
Nd5 Qg6 9. Bd3 Nb4 10. e5 Nxd3+ 11. Qxd3 Qxd3 12. cxd3 c6 13. exd6 cxd5 14. Nxd4
O-O 15. O-O-O b6 16. Nb5 Bb7 17. Rhe1 a6 18. Re7 axb5 19. Rxd7 Rac8+ 20. Rc7
Rfd8 21. Kd2 Rxc7 22. dxc7 Rc8 23. Rc1 Kf8 24. f4 Ke7 25. Ke3 Kd7 26. g4 Re8+
27. Kf3 d4+ 28. Kg3 Re3+ 0-1

[Event "AUTO-ADV-199"]
[Site "http://www.queenalice.com/game.php?id=83508"]
[Date "2006.7.7"]
[Round "1"]
[White "notcrumb"]
[Black "joaoreis001"]
[Result "0-1"]
[WhiteElo "1422"]
[BlackElo "1632"]

1. Nc3 g6 2. Nf3 d5 3. d4 Nf6 4. h3 Bf5 5. g4 Be6 6. Ng5 Bd7 7. Bg2 Bc6 8. e4 h6
9. e5 Nfd7 10. Nf3 e6 11. g5 h5 12. h4 b5 13. a3 a5 14. a4 Bb4 15. Bd2 Bxc3 16.
Bxc3 b4 17. Bd2 Nb6 18. b3 Bd7 19. c3 bxc3 20. Bxc3 O-O 21. Qd2 Nc6 22. O-O Ne7
23. Rfb1 Nf5 24. Qd3 Ne7 25. b4 axb4 26. Bxb4 Bxa4 27. Bf1 Nc4 28. Qc3 Re8 29.
Bxc4 dxc4 30. Qxc4 Bc6 31. Bxe7 Qd5 32. Qxd5 Bxd5 33. Bf6 Bxf3 34. Rxa8 Rxa8 35.
Rb7 Bxb7 0-1

[Event "AUTO-ADV-199"]
[Site "http://www.queenalice.com/game.php?id=83509"]
[Date "2006.7.7"]
[Round "1"]
[White "joaoreis001"]
[Black "notcrumb"]
[Result "0-1"]
[WhiteElo "1665"]
[BlackElo "1395"]

1. c4 Nc6 2. a3 e5 3. e4 Nf6 4. Nc3 a6 5. Nf3 h6 6. Bd3 Bc5 7. O-O Nd4 8. Nxe5
d6 9. Nf3 Nxf3+ 10. Qxf3 Bg4 11. Qg3 O-O 12. b4 Bd4 13. Kh1 Qd7 14. Rb1 Nh5 15.
Qh4 g5 16. Qxh5 Bxh5 17. Nd5 Be5 18. g3 Bf3+ 19. Kg1 Qh3 20. Ne3 Bd4 21. Be2
Bxe2 22. Bb2 Bxb2 23. Rfe1 Bf3 24. Rxb2 f5 25. d3 f4 26. gxf4 gxf4 27. Nf5 Qg2#
0-1

[Event "Challenge"]
[Site "http://www.queenalice.com/game.php?id=111219"]
[Date "2006.9.29"]
[Round "-"]
[White "notcrumb"]
[Black "valerie973"]
[Result "0-1"]
[WhiteElo "1416"]
[BlackElo "1416"]

1. c4 e5 2. e4 Nf6 3. Nc3 c5 4. Nf3 Nc6 5. a3 d6 6. d3 Bg4 7. h3 Be6 8. Ng5 Nd4
9. Nxe6 fxe6 10. Nb5 Be7 11. Qa4 O-O 12. Nxd4 cxd4 13. Be2 Nh5 14. Bxh5 Rxf2 15.
Kxf2 Bh4+ 16. g3 Qf8+ 17. Bf3 Be7 18. Qd7 Qf7 19. Qxb7 Rf8 20. Bf4 exf4 21. g4
Bh4+ 22. Ke2 Qxb7 23. b4 d5 24. c5 Bd8 25. Rhc1 g5 26. c6 Qg7 27. b5 Rf7 28. a4
Bc7 29. a5 Qh6 30. Rh1 Qf8 31. Rhb1 Qc5 32. Kf2 Bxa5 33. Rxa5 Qc2+ 34. Kg1 Qxb1+
35. Kf2 Qb4 36. Ra2 Qxb5 0-1